| 000 | 01059nam a2200229 a 4500 | ||
|---|---|---|---|
| 001 | 000046270 | ||
| 005 | 20201002052742.0 | ||
| 008 | 090701s2001 dr c 000 0 spa d | ||
| 040 |
_aDO-SdBNP _bspa _cBNPHU |
||
| 082 |
_a021.7 _bF356c,2001 |
||
| 111 | 2 |
_aFeria Internacional del Libro _n(4tª : _d2001 : 23 abril al 6 de mayo : _cSanto Domingo, República Dominicana) _974288 |
|
| 245 | 1 | 0 |
_aIV Feria Internacional del Libro Santo Domingo 2001 : _bprograma general. |
| 246 | 3 | 0 | _aCuarta Feria Internacional del Libro Santo Domingo 2001 |
| 260 |
_aSanto Domingo : _bComisión Permanente Feria Nacional del Libro, _c2001. |
||
| 300 |
_a68 p. ; _c19 cm. |
||
| 500 | _aPaís invitado de honor: Chile, dedicada a Manuel del Cabral | ||
| 590 | _aInventariado,2018/VM | ||
| 611 | 2 | 4 |
_aFERIA INTERNACIONAL DEL LIBRO _xPROGRAMAS _n(4tª : _d2001 _cSANTO DOMINGO, REPÚBLICA DOMINICANA) _974289 |
| 650 | 4 |
_aIndustria del libro _zRepública Dominicana _953136 |
|
| 650 | 4 |
_aFeria del libro _zRepública Dominicana _y2001 _974290 |
|
| 910 | _aValidado. Control de calidad. EMS | ||
| 999 |
_c45759 _d45759 |
||